modyfikacje do Hearts of iron IV - Statystyki

Ogólne statystyki
  • Ten quiz został rozwiązany 207 razy
  • Średni wynik to 3 z 10
Statystyki odpowiedzi
obecni subskrybenci odpowiedź % Poprawnych
673,865 tyś. Kaiserreich
88%
900,958 tyś. The Road to 56
68%
799,905 tyś. Millennium Dawn: Modern Day Mod
42%
569,202 tyś. The Great War
42%
236,470 tyś. The New Order: Last Days of Europe
24%
232,181 tyś. Cold War Iron Curtain
12%
186,143 tyś. Endsieg: Ultimate Victory
11%
257,084 tyś. Old World Blues
11%
189,693 tyś. The Great War Redux
6%
130,090 tyś. End of a New Beginning
1%
Nie znaleziono quizów pasujących do podanych kryteriów
Rozkład punktacji
Procent ludzi z każdym wynikiem
Percentyl według liczby udzielonych odpowiedzi
Twoja historia wyników
Nie rozwiązałeś tego quizu